Znani Polacy o imieniu Aleksander - Statystyki

Ogólne statystyki
  • Ten quiz został rozwiązany 32 razy
  • Średni wynik to 6 z 13
Statystyki odpowiedzi
Podpowiedź Nazwisko % Poprawnych
Prezydent RP Aleksander Kwaśniewski
90%
Autor "Kamieni na szaniec" Aleksander Kamiński
74%
Autor "Lalki" i "Katarynki" Aleksander Głowacki
68%
Król Polski, wnuk Jagiełły Aleksander Jagiellończyk
68%
Hrabia, pisarz Aleksander Fredro
61%
Siatkarz Aleksander Śliwka
61%
Skoczek narciarski Aleksander Zniszczoł
58%
Malarz, namalował m. in. "Żydówkę z pomarańczami" Aleksander Gierymski
29%
Prezydent Krakowa Aleksander Miszalski
23%
Radioastronom, fizyk, współodkrywca pierwszych planet pozasłonecznych Aleksander Wolszczan
23%
Zasłynął jako margrabia, konserwatywny polityk i naczelnik rządu cywilnego Królestwa Polskiego,
dążący do ugody z Rosją
Aleksander Wielopolski
10%
Aktor filmowy, jego ojciec i brat także aktorzy Aleksander Machalica
3%
Napisał scenariusz "Człowieka z żelaza" Aleksander Ścibor-Rylski
3%
Nie znaleziono quizów pasujących do podanych kryteriów
Rozkład punktacji
Procent ludzi z każdym wynikiem
Percentyl według liczby udzielonych odpowiedzi
Twoja historia wyników
Nie rozwiązałeś tego quizu